ՀՀ Գիտությունների ազգային ակադեմիայի հիմնարար գիտական գրադարան  =   Fundamental Scientific Library of NAS RA

Разрушение горных пород проходческими комбайнами : (Record no. 468481)

MARC details
000 -LEADER
fixed length control field 01000nam-a2200229-a-4500
001 - CONTROL NUMBER
control field YSU0147710
003 - CONTROL NUMBER IDENTIFIER
control field AM-YeHGA
005 - DATE AND TIME OF LATEST TRANSACTION
control field 20250617161255.0
008 - FIXED-LENGTH DATA ELEMENTS--GENERAL INFORMATION
fixed length control field 990720s1969 xxu 000 0 rus u
040 ## - CATALOGING SOURCE
Original cataloging agency AM-YeHGA
090 ## - LOCALLY ASSIGNED LC-TYPE CALL NUMBER (OCLC); LOCAL CALL NUMBER (RLIN)
-- 471722
100 10 - MAIN ENTRY--PERSONAL NAME
Personal name Барон, Лазарь Израилевич
245 10 - TITLE STATEMENT
Title Разрушение горных пород проходческими комбайнами :
Remainder of title Разрушение шарошками /
Statement of responsibility, etc. Л.И. Барон, Л.Б. Глатман, С.Л. Загорский
260 0# - PUBLICATION, DISTRIBUTION, ETC.
Place of publication, distribution, etc. Москва :
Name of publisher, distributor, etc. Наука ,
Date of publication, distribution, etc. 1969.
300 ## - PHYSICAL DESCRIPTION
Extent 152 с.
550 ## - ISSUING BODY NOTE
Issuing body note Ин-т горного дела им. А.А. Скочинского АН СССР
650 #4 - SUBJECT ADDED ENTRY--TOPICAL TERM
Topical term or geographic name entry element Горное дело
650 #4 - SUBJECT ADDED ENTRY--TOPICAL TERM
Topical term or geographic name entry element Горные породы
700 1# - ADDED ENTRY--PERSONAL NAME
Personal name Глатман, Леопольд Борисович
700 1# - ADDED ENTRY--PERSONAL NAME
Personal name Загорский, Сергей Львович
710 2# - ADDED ENTRY--CORPORATE NAME
Corporate name or jurisdiction name as entry element Ин-т горного дела им. А.А. Скочинского АН СССР
Holdings
Withdrawn status Lost status Source of classification or shelving scheme Damaged status Not for loan Collection Home library Current library Date acquired Total checkouts Full call number Barcode Date last seen Price effective from Koha item type Public note
    Universal Decimal Classification     General Fundamental Scientific Library Fundamental Scientific Library 15/03/2018   PIII/28662 FL0489279 15/03/2018 15/03/2018 Գրքեր / Books 30 Days Loan
    Universal Decimal Classification     General Fundamental Scientific Library Fundamental Scientific Library 19/03/2018   РIII/29366 FL0489198 19/03/2018 19/03/2018 Գրքեր / Books 30 Days Loan


ՀՀ ԳԱԱ հիմնարար գիտական գրադարան
ՀՀ,Երևան 0019
Մարշալ Բաղրամյան 24/6
հեռախոս:(374-10) 52-47-50
Հետադարձ կապ

All site content, except where otherwise noted, is licensed under a
Creative Commons License